| 000 | 00537nam a2200169 a 4500 | ||
|---|---|---|---|
| 005 | 20140412111318.0 | ||
| 008 | 010418s19uu xx 00 eng d | ||
| 020 | _a971-8637-05-2 | ||
| 050 |
_aFil 398.21 _bR454 1989 |
||
| 100 | _aReyes, Lucia M. | ||
| 245 |
_aKay ganda ng umaga / _cby Lucia M. Reyes; Dr. Lilia R. Cortez. |
||
| 260 |
_aPasig, Philippines : _bIntegrated Publishing House, _c1989. |
||
| 300 | _a1 v. (unp.) ; ill. | ||
| 440 | _aButterfly story and coloring book | ||
| 650 | _aGood morning, Filipino | ||
| 999 |
_c104308 _d104308 |
||